000 01326cam a2200373 a 4500
999 _c234593
_d234593
001 4005768
003 Nust
005 20170324153426.0
008 930317s1992 enk 000 0 eng d
010 _a 96148030
015 _aGB92-35796
020 _a9780670058488
_c£6.99
035 _a(OCoLC)27895929
040 _aUk
_cUk
_dUkCoU
_dWU
_dDLC
041 1 _aengchi
_hchi
042 _alccopycat
043 _aa-cc---
050 0 4 _aPL2658.E3
_bS39 1992
082 0 0 _a895.11308
_bSET
100 1 _aSeth, Vikram,
_d1952-
245 1 0 _aThree Chinese poets :
_btranslations of poems by Wang Wei, Li Bai and Du Fu /
_cVikram Seth.
246 1 _iCover title also in Chinese:
_aSan wei Zhongguo shi ren.
260 _aLondon ;
_bBoston :
_bFaber,
_c1992.
300 _axxv, 64 p. ;
_c21 cm.
650 0 _aChinese poetry
_yTang dynasty, 618-907
_xTranslations into English.
700 1 2 _aWang, Wei,
_d701-761.
_tPoems.
_lEnglish.
700 1 2 _aLi, Bai,
_d701-762.
_tPoems.
_lEnglish.
700 1 2 _aDu, Fu,
_d712-770.
_tPoems.
_lEnglish.
906 _a7
_bcbc
_ccopycat
_du
_encip
_f19
_gy-gencatlg
942 _2ddc
_cBK
987 _aPINYIN
_bDLC
_c20031020
_dc